Statistics for Top 20 Successful Militaries

Click here to take the quiz!

General Stats

  • This quiz has been taken 33 times
  • The average score is 14 of 20

Answer Stats

Number of Wars WonAnswer% Correct
833United States of America
100%
1115France
97%
1105United Kingdom
97%
244China
93%
491Russia
93%
425Germany
90%
183Japan
90%
387Spain
87%
210Turkey
87%
344Poland
83%
132Italy
80%
114Netherlands
77%
165Sweden
73%
259Rome
67%
137Australia
63%
209Austria
57%
135Prussia
30%
107Byzantine Empire
27%
128Confederate States of America
13%
108Islamic Caliphate
3%

Score Distribution

Percentile by Number Answered

Percent of People with Each Score

Your Score History

You have not taken this quiz